000 00625nam a2200253Ia 4500
005 20260121161053.0
008 008 260114s9999 xx 000 0 eng d
020 _a9780429079733
037 _aEBOOK
040 _aCRL
040 _beng
040 _cCRL
041 _2eng
041 _aeng
084 _qCRL
100 _a George D. Saravacos; Zacharias B. Maroulis
_91039834
245 0 _aTransport Properties of Foods
260 _bTaylor and Francis
260 _c2001
856 _uhttp://www.taylorfrancis.com/books/9780429079733
942 _cEBOOK
999 _c1606650
_d1606650